Statistiques concernant Quiz Coupe du monde de rugby 2019.

Cliquez ici pour prendre le quiz!

Statistiques générales

  • Ce quiz a été pris 300 fois
  • Le résultat moyen est 10 sur 14

Statistiques - réponses

QuestionRéponse% Correct
Quelle équipe l'a remportée cette année?Afrique du Sud
98%
Quelle équipe avait remporté la coupe lors de la dernière édition?Nouvelle-Zélande
97%
Où la France s'est-elle arrêtée cette année?Quarts de finale
97%
Contre qui?Angleterre
94%
Où s'est déroulée la coupe du monde cette année?Japon
94%
Pour quelles raisons 3 matches de poules de cette éditions ont-ils été annulés ?A cause d'un typhon passant près des côtes japonaises
92%
Dans quel pays se déroulera la prochaine édition ?France
90%
Dans quel match une équipe a-t-elle marqué le plus de point ? (71 points)Nouvelle-Zélande vs Namibie
83%
Combien de fois le vainqueur a-t-il remporté cette compétition?3
78%
Quel joueur a inscrit le plus de points ? (69 points)Handre Pollard(RSA)
55%
Quel record a été battu durant cette édition ?Nombre de cartons rouges (8)
37%
Quel joueurs a inscrit le plus essais durant cette Coupe du Monde ? (7 essais)Josh Adams(Galles)
35%
Quel est le meilleur plaqueur de l'édition ? (79 plaquages)Alun Wyn Jones(Galles)
30%
Durant quel match y a-t-il eu le plus grand écart au score ? (63 points)Nouvelle-Zélande vs Canada
27%

Distribution des résultats

Percentile par nombre de réponses

% des personnes avec chaque résultat

Votre développement - résultats

Vous n’avez pas pris ce quiz